| 000 | 00522nam a2200253Ia 4500 | ||
|---|---|---|---|
| 001 | 066938 | ||
| 003 | YMCAF | ||
| 005 | 20230512160414.0 | ||
| 008 | 100717s1976 ||||||||||||||||| ||und|d | ||
| 020 | _a- | ||
| 024 | _a66938 | ||
| 035 | _a6401 | ||
| 040 |
_aYMCAF _beng _cIN-KoLT |
||
| 041 | _aeng | ||
| 082 |
_a621.902 _bSRI |
||
| 100 | _aSRINIVASULU, P | ||
| 245 | 0 | _aHAND BOOK OF MACHINE FOUNDATIONS | |
| 250 | _a- | ||
| 260 |
_bTMH _c1976 |
||
| 300 | _a238 | ||
| 653 | _a- | ||
| 653 | _a- | ||
| 942 |
_2ddc _cBK |
||
| 999 |
_c4218 _d4218 |
||